| 000 | 00782nas a2200265 4500 | ||
|---|---|---|---|
| 001 | BR9212586 | ||
| 003 | BR-BrBNA | ||
| 005 | 20231205094808.0 | ||
| 007 | ta | ||
| 008 | 230509b bl.|||p| |||| 00| 00por d | ||
| 040 |
_aBR-BrBNA _bpor _cBiblioteca Nacional de Agricultura |
||
| 041 | _a(Pt) | ||
| 072 | _aL10; U10 | ||
| 100 | 1 | _aPereira, C. | |
| 245 | 1 | _aAcasalamento genetico por computador, na vanguarda de inseminacao | |
| 650 | _aGado leiteiro | ||
| 650 | _aInseminacao Artificial | ||
| 650 | _aComputador | ||
| 650 | _aBase de Dados | ||
| 650 | _aMelhoramento Genetico Animal | ||
| 650 | _aPratico | ||
| 773 | 0 |
_tUniversitario de Agronomia (Brazil) _x _g(Dec 1989), v. 1(0) p. 27-28 _wBR9212586 |
|
| 909 |
_a202311 _bLúcia _c55 _dLúcia Elande |
||
| 942 |
_2AGRIS _n0 _cANA |
||
| 999 |
_c146888 _d146888 |
||